000 01109nam a22003497a 4500
001 BR7902502
003 BR-BrBNA
005 20230928090012.0
007 ta
008 230509b bl.||||| |||| 00| 0 por d
040 _aBR-BrBNA
_bpor
_cBiblioteca Nacional de Agricultura
041 _a(Por)
072 _aF25; E15
_b/G514
090 _ F25 BR7902502
100 1 _aLima, D.P.
100 1 _aKoole, D.
100 1 _aAlgra, W.
100 1 _aVan den Bergen, T.T.
100 1 _aBarslund, K.
110 1 _aEmpresa de Assistencia Tecnica e Extensao Rural do Estado de Goias, Goiania (Brasil)
245 1 _aPrograma Nacional de Difusao do Uso de Fertilizantes e Corretivos. Resultados das analises economicas dos ensaios demonstrativos e das demonstracoes. Goias 1969/70-1977/78 [Brasil]
_bProjeto FAO/EMBRATER/MA
260 3 _aGoiania, GO (Brasil):
_c1979.
300 _a57 p.
650 _aFertilizante
650 _aMicroeconomia
650 _aCusto de producao
650 _aRendimento
650 _aAdubacao
650 _aGoias
909 _a202309
_bLucia
_c55
_dLucia Elande
942 _cBK
999 _c27383
_d27383